| 000 | 00437nam a2200157Ia 4500 | ||
|---|---|---|---|
| 008 | 221220s9999 xx 000 0 und d | ||
| 020 | _a978-0-670-09045-7 | ||
| 041 | _aEnglish | ||
| 100 | _aS. Mukherjee | ||
| 245 | 0 |
_aCoffee can Investing - The Low Risk Road To Stupendous Wealth _cby S. Mukherjee, R. Ranjan |
|
| 260 |
_bPenguin _aHaryana _c2018 |
||
| 300 | _a288 | ||
| 650 | _aManagement | ||
| 700 | _aR. Ranjan | ||
| 942 |
_2DDC _cBK |
||
| 999 |
_c19176 _d19176 |
||